000 01759nam0a2200349 4500
001 RU\NLR\bibl\1366747
005 20260406164441.0
010 _a978-5-94643-123-1
_bПушкинская б-ка
010 _a978-5-17-028575-4
_bАСТ
010 _a978-5-9713-9518-8
_bАСТ Москва
_93000
021 _aRU
_b2009-19489
_91157
035 _a(nilc)RSL-KNO-004263716
035 _a(NLR Aleph) 001358901
090 _a968545
_c968545
100 _a20090318d2008 |||y0rusy50 ca
101 1 _arus
_ceng
102 _aRU
105 _ay |||||||||
200 1 _aЯрмарка тщеславия
_fУильям Мейкпис Теккерей
_g[пер. с англ. М. Дьяконова]
210 _aМосква
_cАСТ [и др.]
_d2008
215 _a862, [1] с.
_d22
225 1 _aЗолотой фонд мировой классики
_fсост. К.Н. Атарова, А.Я. Ливергант
_fредкол.: Аверинцев Сергей Сергеевич и др.
610 0 _aФилологические науки. Художественная литература -- Великобритания -- Английская литература -- кон. 18 - 19 вв. (1789-1871) -- Произведения художественной литературы -- Художественная проза -- Романы. Повести. Рассказы
686 _aШ5(4Вл)52-644
_2rubbk
686 _aШ6(4Вл)57-440.4{Лх1296.1-50}
700 1 _4070
_7ca
_8rus
_aТеккерей
_bУ. М.
_f1811-1863
_gУильям Мейкпис
_9120627
_3RU\NLR\auth\7710863
801 0 _aRU
_bРКП
_c20090318
_grcr
801 1 _aRU
_bРГБ
_c20090318
801 2 _aRU
_bNLR
_c20090507
_grcr
942 _cBOOK
980 _aNB